000 00538nam a2200193 a 4500
001 1766310660002
003 YourLibrary
005 20251222104446.0
008 251221s2000##################000#0#eng##
020 _a9780195124538
082 0 4 _a264.02015090
_bFAS
100 1 _aFassler, Margot Elsbeth,
_eauthor.
245 1 0 _aThe Divine Office in the Latin Middle Ages :
260 _bOxford University Press, USA,
_c2000.
300 _a657 pages
650 0 _aHistory.
942 _cENGLISH
040 _aYourLibrary
_beng
_cYourLibrary
999 _c603504
_d603504